|
|
|
|
| LEADER |
01362nam a2200373Ia 4500 |
| 001 |
EBC875796 |
| 003 |
MiAaPQ |
| 005 |
20200520144314.0 |
| 006 |
m o d | |
| 007 |
cr cn||||||||| |
| 008 |
120302s2012 njua sb 000 0 eng d |
| 010 |
|
|
|z 2012008096
|
| 020 |
|
|
|z 9780470635780 (pbk.)
|
| 020 |
|
|
|z 9781118220818
|
| 035 |
|
|
|a (MiAaPQ)EBC875796
|
| 035 |
|
|
|a (Au-PeEL)EBL875796
|
| 035 |
|
|
|a (CaPaEBR)ebr10605332
|
| 035 |
|
|
|a (OCoLC)779097305
|
| 040 |
|
|
|a MiAaPQ
|c MiAaPQ
|d MiAaPQ
|
| 050 |
|
4 |
|a HD8038.A1
|b S73 2012
|
| 082 |
0 |
4 |
|a 001
|2 23
|
| 100 |
1 |
|
|a Steele, David
|q (David A.),
|d 1957-
|
| 245 |
1 |
4 |
|a The million dollar private practice
|h [electronic resource] :
|b using your expertise to build a practice that makes a difference /
|c David Steele.
|
| 260 |
|
|
|a Hoboken, N.J. :
|b John Wiley & Sons,
|c c2012.
|
| 300 |
|
|
|a viii, 270 p. :
|b ill.
|
| 504 |
|
|
|a Includes bibliographical references.
|
| 533 |
|
|
|a Electronic reproduction. Ann Arbor, MI : ProQuest, 2015. Available via World Wide Web. Access may be limited to ProQuest affiliated libraries.
|
| 650 |
|
0 |
|a Professions
|x Marketing.
|
| 650 |
|
0 |
|a Specialists.
|
| 650 |
|
0 |
|a Expertise.
|
| 650 |
|
0 |
|a Consulting firms.
|
| 655 |
|
4 |
|a Electronic books.
|
| 710 |
2 |
|
|a ProQuest (Firm)
|
| 856 |
4 |
0 |
|u https://ebookcentral.proquest.com/lib/matrademy/detail.action?docID=875796
|z Click to View
|